000 00367nam a2200145Ia 4500
008 230711s9999||||xx |||||||||||||| ||und||
041 _aENG
082 _a621
_bAW-S
100 _aAwad,Elias M
245 0 _aSystem analysis and design
250 _a2nd Ed.
260 _c2000
_aNew Delhi
_bGalgotia Publications Pvt.Ltd
650 _aComputer Engineering
942 _cBK
999 _c3732
_d3732